Madrid Agreement for the Repression of False or Deceptive Indications of Source on Goods (Record no. 82317)

MARC details
000 -LEADER
fixed length control field 00823nam a2200181 a 4500
008 - FIXED-LENGTH DATA ELEMENTS--GENERAL INFORMATION
fixed length control field 090527s1996 ||||||||||||||||| || u
020 ## - INTERNATIONAL STANDARD BOOK NUMBER
International Standard Book Number 9789280502701
050 ## - LIBRARY OF CONGRESS CALL NUMBER
Classification number WIPO(02)
110 ## - MAIN ENTRY--CORPORATE NAME
Corporate name or jurisdiction name as entry element World Intellectual Property Organization (WIPO)
245 10 - TITLE STATEMENT
Title Madrid Agreement for the Repression of False or Deceptive Indications of Source on Goods
260 ## - PUBLICATION, DISTRIBUTION, ETC.
Place of publication, distribution, etc. Geneva
Name of publisher, distributor, etc. WIPO
Date of publication, distribution, etc. 1996
300 ## - PHYSICAL DESCRIPTION
Extent 8p.
350 ## -
-- 0.00
650 ## - SUBJECT ADDED ENTRY--TOPICAL TERM
Topical term or geographic name entry element Protectionism
650 ## - SUBJECT ADDED ENTRY--TOPICAL TERM
Topical term or geographic name entry element INTELLECTUAL PROPERTY RIGHTS
995 ## -
-- SPECIAL COLLECTIONS
-- 0.00
-- 03004293
-- CBU-MAIN LIBRARY (Kitwe)
-- 1
-- 0.00
-- WIPO(02)1996/2B
-- 2
-- AVAILABLE
-- Jul 1, 2009
-- Z03004293
-- International Publications
995 ## -
-- SPECIAL COLLECTIONS
-- 0.00
-- 03004292
-- CBU-MAIN LIBRARY (Kitwe)
-- 1
-- 0.00
-- WIPO(02)1996/2A
-- 1
-- AVAILABLE
-- Jul 1, 2009
-- Z03004292
-- International Publications
999 ## -
-- 82317
-- 82317
Holdings
Withdrawn status Lost status Source of classification or shelving scheme Damaged status Not for loan Permanent Location Current Location Shelving location Date acquired Total Checkouts Full call number Barcode Date last seen Copy number Price effective from Koha item type
          CBU-MAIN LIBRARY, KITWE. CBU-MAIN LIBRARY, KITWE.   09/27/2023   WIPO(02)1996/2A Z03004292 09/27/2023 1 09/27/2023 SPECIAL COLLECTION
          CBU-MAIN LIBRARY, KITWE. CBU-MAIN LIBRARY, KITWE.   09/27/2023   WIPO(02)1996/2B Z03004293 09/27/2023 2 09/27/2023 SPECIAL COLLECTION